Vista normal Vista MARC

Entrada Topical Term

Número de registros utilizados en: 1

001 - CONTROL NUMBER

  • control field: 17953

003 - CONTROL NUMBER IDENTIFIER

  • control field: OSt

005 - DATE AND TIME OF LATEST TRANSACTION

  • control field: 20230915230655.0

008 - FIXED-LENGTH DATA ELEMENTS

  • fixed length control field: 230915|| aca||aabn | a|a d

040 ## - CATALOGING SOURCE

  • Original cataloging agency: OSt
  • Transcribing agency: OSt

150 ## - HEADING--TOPICAL TERM

  • Topical term or geographic name entry element: 8086 - MICROCOMPUTADOR

670 ## - SOURCE DATA FOUND

  • Source citation: Work cat.: (OSt)23472: Usatequi, Angulo Jose Maria 17950, Microprocesadores 8086, 80286 y 80386, 1992









Instituto Departamental de Cultura del Meta - Red Departamental de Bibliotecas Públicas del Meta.